000 00822nam a2200253Ia 4500
003 OSt
005 20220923221847.0
006 a|||||r|||| 00| 0
007 ta
008 220922b |||||||| |||| 00| 0 hin d
024 _a200,565
037 _cTextual
040 _aARTS
_cARTS
_bhin
041 _2hin
_ahin
082 _aV2:25wM69, 152L3
100 _aभटटाचार्य, प्रभातकुमार
245 0 _aगांधी दर्शन
246 _aGāandhī darshana
260 _aजयपुर
_b कॉलेज बुक डिपो
_c1973
300 _a260पृ.
_ccm.
650 _aविश्व-इतिहास
942 _hV2:25wM69, 152L3
_cTEXL
_2CC
999 _c352237
_d352237